| 000 | 00658nam a2200229Ia 4500 | ||
|---|---|---|---|
| 003 | 0100 | ||
| 008 | 130303s9999 xx 000 0 und d | ||
| 040 | _cARRUPELIB | ||
| 050 | _aBT30.A357T48 | ||
| 245 | _aTheology cooked in an African pot | ||
| 260 | _aZomba | ||
| 260 | _bATISCA | ||
| 260 | _C1998 | ||
| 300 | _a180p. | ||
| 300 | _b 21cm. | ||
| 440 | _aATISCA Bulletin no. 5/6 1996/1997, special volume | ||
| 650 | _bGadamer, Hans Georg, 1900--Interviews | ||
| 650 | _cPhilosophers--Germany--Interviews | ||
| 650 | _dPhilosophy, Modern--20th century | ||
| 700 | _aFiedler, Klaus, Gundani, Paul and Mijoga, Hilary (eds.) | ||
| 942 |
_2lcc _08 |
||
| 999 |
_c62490 _d62490 |
||